Départements de droite - mort subite - Statistiques

Statistiques générales
  • Ce quiz a été pris 181 fois
  • Le résultat moyen est 3 sur 20
Answers on the Grid
Answers color-coded by a green-red scale on the quiz's grid according to % correct below.
Pas-de-Calais
Allier
Somme
Meurthe-et-Moselle
Haut-Rhin
Gard
Seine-Saint-Denis
Alpes-Maritime
Vienne
Côtes-d'Armor
Marne
Nord
Loiret
Gironde
Val-de-Marne
Dordogne
Hérault
Loire
Vendée
Ille-et-Vilaine
Aveyron
Aisne
Nièvre
Paris
Morbihan
Vaucluse
Haute-Vienne
Hauts-de-Seine
Charente
Haute-Saône
Savoie
Var
Manche
Doubs
Lozère
 
Statistiques - réponses
Réponse % Correct
Alpes-Maritime
32%
Allier
29%
Var
28%
Vendée
27%
Haut-Rhin
19%
Savoie
18%
Somme
18%
Nord
17%
Morbihan
14%
Vaucluse
14%
Hauts-de-Seine
13%
Loire
13%
Loiret
10%
Aisne
9%
Manche
9%
Aveyron
8%
Marne
5%
Val-de-Marne
4%
Doubs
3%
Vienne
3%
Aucun quiz correspondant
Distribution des résultats
% des personnes avec chaque résultat
Percentile par nombre de réponses
Votre historique - résultats
Vous n’avez pas pris ce quiz